Statistics for The Beatles Discography

Click here to take the quiz!

General Stats

  • This quiz has been taken 379 times
  • The average score is 12 of 13

Answer Stats

HintAnswer% Correct
121969Abbey Road
97%
101968White Album (The Beatles)
97%
131970Let It Be
96%
81967Sergeant Pepper's Lonely Hearts Club Band
96%
71966Revolver
92%
61965Rubber Soul
92%
11963Please Please Me
90%
51965Help!
89%
91967Magical Mystery Tour
89%
111969Yellow Submarine
89%
31964A Hard Days Night
86%
21963With the Beatles
86%
41964Beatles For Sale
79%

Score Distribution

Percentile by Number Answered

Percent of People with Each Score

Your Score History

You have not taken this quiz